| 000 | 00475nam a2200181Ia 4500 | ||
|---|---|---|---|
| 008 | 240925s9999 xx 000 0 und d | ||
| 020 | _a817656799x | ||
| 082 | _a005.447 MIN | ||
| 100 | _aMinasi, Mark | ||
| 245 | 0 | _aMastering Windows server 2003 | |
| 250 | _aNA | ||
| 260 |
_aNew Delhi: _bBPB Publication _c,2003. |
||
| 300 |
_a467p. _bNA _fPirated |
||
| 500 | _aNA | ||
| 600 | _aComputer Science | ||
| 650 | _aComputer science, information & general works | ||
| 942 | _cBK | ||
| 999 |
_c7841 _d7841 |
||